| 000 | 00846 a2200205 4500 | ||
|---|---|---|---|
| 020 | _a0750678089 | ||
| 040 |
_aDLC _bDLC |
||
| 082 | 0 | 0 | _a621.382/1 |
| 100 | 1 | _aOlexa, Ron. | |
| 245 | 1 | 0 |
_aImplementing 802.11, 802.16 and 802.20 wireless networks: planning, troubleshooting, and maintenance _bplanning, troubleshooting, and maintenance _cby Ron Olexa. |
| 260 |
_aAmsterdam ; _aBoston : _bNewnes, _c2004. |
||
| 300 |
_axx, 232 p. : _bill. ; _c24 cm. _e+ 1 CD-ROM (4 3/4 in.) |
||
| 440 | 0 | _aCommunications engineering series | |
| 500 | _aIncludes index. | ||
| 650 | 0 | _aWireless LANs. | |
| 650 | 0 | _aWireless communication systems. | |
| 856 | 4 | 1 |
_3Table of contents _uhttp://www.loc.gov/catdir/toc/els051/2004055193.html |
| 856 | 4 | 1 |
_3Publisher description _uhttp://www.loc.gov/catdir/description/els051/2004055193.html |
| 942 |
_cBK _k621.3821 OLE _2ddc |
||
| 999 |
_c8197 _d8197 |
||